00677nam a2200241Ia 4500008004100000020001500041050001000056050001000066100001900076245002900095245002700124245002000151260001300171260002300184260001000207300001800217300002100235300001100256500001600267650002400283999001900307952010900326160319s9999 xx 000 0 und d a9716680031 a808.8 bB336k aBatubalani, AM aMga katutubong pabula :  bmay ginintuang aral /  cA.M. Batubalani aManila : bLoacan Pub. House. c1999? a 130 pages :  billustrations ;  c20 cm. aIn Tagalog. aFables, Philippine. c292178d292178 001040aSSISBbSSISBcFILd2016-03-19l0oFil 808.8 B336kpLS 1124r2016-03-19 00:00:00w2016-03-19yBK